80 cidades mais populosas de Minas Gerais - Statistics

Estatísticas Gerais
  • Esse quiz foi jogado 1 645 vezes
  • A pontuação média é 40 de 80
Estatísticas das Respostas
População Letra Inicial Resposta % Correto
2 491 109 B Belo Horizonte
100%
654 681 U Uberlândia
99%
318 813 U Uberaba
95%
550 710 J Juiz de Fora
93%
412 003 B Betim
89%
643 476 C Contagem
87%
390 212 M Montes Claros
84%
276 995 G Governador Valadares
83%
73 700 O Ouro Preto
81%
255 266 I Ipatinga
77%
228 643 D Divinópolis
75%
131 269 V Varginha
74%
147 614 P Patos de Minas
72%
229 887 S Sete Lagoas
72%
162 379 P Poços de Caldas
71%
140 567 T Teófilo Otoni
67%
58 233 M Mariana
65%
319 310 R Ribeirão das Neves
64%
101 136 A Araxá
62%
133 972 B Barbacena
62%
88 672 N Nova Lima
62%
142 073 P Pouso Alegre
62%
47 803 D Diamantina
60%
109 779 U Ubá
60%
99 229 L Lavras
59%
77 340 T Três Corações
59%
133 528 S Sabará
58%
88 902 S São João del Rei
58%
76 745 V Viçosa
57%
124 370 C Conselheiro Lafaiete
53%
116 745 I Itabira
53%
214 830 S Santa Luzia
53%
115 632 A Araguari
51%
171 932 I Ibirité
50%
106 576 M Muriaé
50%
112 402 P Passos
50%
102 690 I Ituiutaba
49%
116 506 V Vespasiano
49%
108 843 C Coronel Fabriciano
46%
67 833 F Formiga
46%
78 176 A Alfenas
45%
87 928 P Patrocínio
44%
82 298 U Unaí
44%
78 373 C Curvelo
43%
52 280 C Congonhas
42%
95 491 I Itajubá
42%
90 294 P Paracatu
42%
90 306 P Pará de Minas
42%
86 794 T Timóteo
42%
78 040 J João Monlevade
41%
49 203 I Itabirito
40%
85 909 M Manhuaçu
40%
70 472 J Janaúba
39%
68 065 J Januária
39%
58 702 L Lagoa Santa
38%
87 260 N Nova Serrana
38%
90 783 I Itaúna
37%
90 192 C Caratinga
36%
55 972 P Pirapora
36%
67 833 E Esmeraldas
32%
57 269 F Frutal
32%
41 852 N Nanuque
32%
59 814 P Ponte Nova
32%
41 375 O Oliveira
31%
62 473 P Pedro Leopoldo
31%
44 417 S São Lourenço
31%
51 704 G Guaxupé
30%
53 032 L Leopoldina
30%
48 802 B Bom Despacho
29%
73 712 C Cataguases
29%
47 870 J João Pinheiro
29%
47 558 S Santos Dumont
27%
56 408 T Três Pontas
27%
43 395 C Caeté
25%
69 057 S São Sebastião do Paraíso
25%
49 293 B Bocaiúva
23%
49 654 L Lagoa da Prata
23%
53 870 C Campo Belo
20%
47 770 M Monte Carmelo
20%
56 217 S São Francisco
20%
Nenhum quiz correspondente encontrado
Distribuição das Pontuações
Porcentagem de Pessoas com Cada Pontuação
Percentil de Números Respondidos
Sua Pontuação Histórica
Você não jogou esse quiz